000 00316pam a2200133 a 4500
020 _c
041 _h
082 _a741.6
_bDON
100 _aDaniel Donnely .
245 _a999 Logo Design Elements
_hTextual Documents
260 _a[s.l]:
_bPage one Publishing ,
_c2011.
300 _a208:
_bpaper.
930 _a6002
999 _c239792
_d239792